Revista Vox Juris

Detalles Bibliográficos
Formato: eBook
Lenguaje:español
Publicado: Lima: Universidad de San Martin de Porres, 2012 -
Materias:
Acceso en línea:Acceso restringido

MARC

LEADER 00000nam a22000007a 4500
005 20200821233416.0
007 cr|||| ||||
008 200821c20129999pe fr|w s|||| 0|||b1spa d
022 |a 2521-5280 
035 |a 32059 
040 |a vLex 
090 |c 10732  |d 10732 
245 0 0 |a Revista Vox Juris  |h [Recurso electrn̤ico] / 
256 |a Servicio en ln̕ea 
260 |a Lima:  |b Universidad de San Martin de Porres,  |c 2012 - 
300 |a 1 recurso electrn̤ico 
310 |a Semestral 
500 |a Vox Juris es una revista de la Facultad de Derecho de la Universidad de San Martn̕ de Porres, que publica artc̕ulos cientf̕icos y trabajos de investigacin̤ referidos al m̀bito acadm̌ico de la Ciencia y Filosofa̕ del Derecho, disciplinas afines, temas ťicos y de interš socio jurd̕ico para la comunidad cientf̕ica, acadm̌ica, universitaria e institucional, nacional e internacional, con el objetivo de divulgar el conocimiento especializado en temas de interš y actualidad. La revista tiene una periodicidad semestral, correspondiente a los periodos enero-junio y julio-diciembre. Publicandose en el primer mes del respectivo periodo. Indizada en Latindex, Dialnet, Clase, Base, Journal Tocs, DRJI, OAJI.net, Citefactor, Rebiun, Miar, EZB, Infobase Index, I2OR, International Innovative Journal Impact Factor, Open Access, Scientific Indexing Services, Alicia, Erihplus, Index Copernicus International, DOAJ, LatinREV, REDIB, ResearchBib, WorldCat OCLC, Google Acd̀emico, EBSCO, Biblat, Active Search Result, JOURNAL INDEX.org, LatAm Studies (Estudios Latinoamericanos), Hollis Harvard, Actualidad Iberoamericana, CIRC, SCILIT, International Scientific Indexing, Portal de Perid̤icos CAPES, Crossref y Emerging Sources Citation Index de Web Of Science. 
506 1 |a Disponible solo en los productos indicados  |d vLex Global  |d vLex Global (Academic Edition, excluding Law Schools)  |d vLex Global (U.S. Academic Edition, Law Schools)  |d vLex Global (U.S. Academic Edition, excluding Law Schools)  |d vLex Global (Academic Edition, Law Schools) 
650 0 4 |a Derecho Pb︢lico y Administrativo  |z Per︢ 
740 0 |a vLex Revistas (Servicio en ln̕ea) 
856 4 0 |u http://vlex.com/source/revista-vox-juris-32059  |z Acceso restringido 
942 |c REV 
999 0 |a Public and Administrative Law